[Event "Anogia op 6th"]
[Site "Anogia"]
[Date "2017.07.16"]
[Round "8"]
[White "Papadogiannis, Sevastianos"]
[Black "Aggeletos, Marios"]
[Result "1-0"]
[WhiteElo "2115"]
[BlackElo "1824"]
[PlyCount "31"]
[EventDate "2017.07.10"]
[EventType "swiss"]
[EventRounds "9"]
[EventCountry "GRE"]
[SourceTitle "CBM 179 Extra"]
[Source "ChessBase"]
[SourceDate "2017.08.23"]
[SourceVersion "1"]
[SourceVersionDate "2017.08.23"]
[SourceQuality "1"]

1. e4 c5 2. Nf3 d6 3. d4 cxd4 4. Nxd4 Nf6 5. Nc3 a6 6. Bg5 Nbd7 7. f4 Qc7 8. Qe2 b5 9. g3 h6 10. Bxf6 gxf6 11. Nd5 Qa5+ 12. b4 Qa3 13. Nc7+ Kd8 14. Nde6+ fxe6 15. Nxe6+ Ke8 16. Qh5# 1-0

[Event "Anogia op 4th"]
[Site "Anogia"]
[Date "2015.07.14"]
[Round "7"]
[White "Papadogiannis, Sevastianos"]
[Black "Townsend, M Paul"]
[Result "0-1"]
[WhiteElo "2068"]
[BlackElo "2219"]
[PlyCount "94"]
[EventDate "2015.07.09"]
[EventType "swiss"]
[EventRounds "9"]
[EventCountry "GRE"]
[SourceTitle "CBM 167 Extra"]
[Source "ChessBase"]
[SourceDate "2015.09.14"]
[SourceVersion "1"]
[SourceVersionDate "2015.09.14"]
[SourceQuality "1"]

1. Nf3 Nf6 2. g3 d5 3. Bg2 e6 4. 0-0 Be7 5. b3 0-0 6. Bb2 c5 7. e3 Nc6 8. d3 b6 9. c4 Bb7 10. Nc3 Qd7 11. Qe2 Rad8 12. Rad1 Qc8 13. Rfe1 Rfe8 14. h4 Qa8 15. Nh2 d4 16. Nb5 Qc8 17. e4 a6 18. Na3 e5 19. Bc1 g6 20. Qf1 Nb4 21. Re2 Qc7 22. g4 h5 23. g5 Nh7 24. Bh3 Bc8 25. Bxc8 Qxc8 26. f4 exf4 27. Bxf4 Nc6 28. Rf2 Qe6 29. Nc2 Bd6 30. Rdd2 Ne5 31. Ne1 Rf8 32. Qg2 Rd7 33. Bg3 f6 34. Nef3 fxg5 35. Nxe5 Bxe5 36. Bxe5 Rxf2 37. Rxf2 Qxe5 38. Nf3 Qf4 39. hxg5 Rf7 40. Kf1 Qc1+ 41. Ne1 Nxg5 42. Rxf7 Kxf7 43. Qg3 Ne6 44. Qd6 Qf4+ 45. Qxf4+ Nxf4 46. Kf2 Kf6 47. Kg3 Ne2+ 0-1

[Event "GRE-ch Rapid"]
[Site "Chania"]
[Date "2014.12.20"]
[Round "3.1"]
[White "Papadogiannis, Sevastianos"]
[Black "Banikas, Hristos"]
[Result "0-1"]
[WhiteElo "2157"]
[BlackElo "2637"]
[PlyCount "95"]
[EventDate "2014.12.20"]
[EventType "swiss (rapid)"]
[EventRounds "11"]
[EventCountry "GRE"]
[SourceTitle "EXT 2024"]
[Source "ChessBase"]
[SourceDate "2023.10.10"]
[SourceVersion "1"]
[SourceVersionDate "2023.10.10"]
[SourceQuality "1"]

1. c4 c5 2. g3 Nf6 3. Bg2 d5 4. cxd5 Nxd5 5. Nc3 Nc7 6. Nf3 Nc6 7. 0-0 e5 8. d3 Be7 9. Ne1 0-0 10. Be3 Bd7 11. f4 exf4 12. gxf4 Qc8 13. Ne4 Nd5 14. Bd2 Bh3 15. Ng3 Bxg2 16. Kxg2 Bf6 17. e4 Nb6 18. Bc3 Bxc3 19. bxc3 Qd7 20. Qh5 g6 21. Qxc5 Rac8 22. Qe3 Na4 23. f5 f6 24. fxg6 hxg6 25. Ne2 Ne5 26. d4 Qg4+ 27. Kh1 Nc4 28. Qf3 Qxf3+ 29. Rxf3 Nd2 30. Rg3 Nxe4 31. Rxg6+ Kf7 32. Rh6 Naxc3 33. Nf4 Rh8 34. Rxh8 Rxh8 35. Kg2 Rg8+ 36. Kf3 Nd6 37. Rc1 Rc8 38. Ned3 Nxa2 39. Ra1 Rc2 40. Ne2 Rd2 41. Nc5 b6 42. Nb3 Rd3+ 43. Kf4 Rxb3 44. Rxa2 a5 45. d5 Rb4+ 46. Ke3 Nf5+ 47. Kf3 Ke7 48. Rc2 0-1

[Event "GRE-chT 40th"]
[Site "Achaia"]
[Date "2012.07.05"]
[Round "7.1"]
[White "Stathopoulos, Ioannis"]
[Black "Papadogiannis, Sevastianos"]
[Result "1-0"]
[WhiteElo "2181"]
[BlackElo "2031"]
[PlyCount "103"]
[EventDate "2012.06.30"]
[EventType "team-swiss"]
[EventRounds "7"]
[EventCountry "GRE"]
[SourceTitle "CBM 149 Extra"]
[Source "ChessBase"]
[SourceDate "2012.08.24"]
[SourceVersion "1"]
[SourceVersionDate "2012.08.24"]
[SourceQuality "1"]
[WhiteTeam "Peristeriou"]
[BlackTeam "Chania ADA"]
[WhiteTeamCountry "GRE"]
[BlackTeamCountry "GRE"]

1. Nf3 Nf6 2. c4 g6 3. Nc3 Bg7 4. e4 c5 5. d4 0-0 6. Be2 cxd4 7. Nxd4 Nc6 8. Be3 b6 9. 0-0 Bb7 10. f3 Rc8 11. Rc1 d6 12. Qd2 Rc7 13. Ncb5 Rd7 14. Nxc6 Bxc6 15. Nd4 Bb7 16. Rfd1 Qb8 17. Bh6 Rc8 18. Bxg7 Kxg7 19. Qe3 a5 20. Bf1 Ba6 21. b3 Rc5 22. g3 h5 23. Bg2 h4 24. g4 Qh8 25. h3 a4 26. f4 e5 27. g5 Nh5 28. fxe5 Rxe5 29. Nf3 Rc5 30. b4 Rcc7 31. Qxb6 Qc8 32. b5 Bb7 33. Rxd6 Ng3 34. Rcd1 Rxd6 35. Qxd6 Nxe4 36. Qd4+ Kh7 37. Ne5 Qf5 38. Rf1 Qxg5 39. Nxf7 Qc5 40. Qxc5 Nxc5 41. Nd6 Bxg2 42. Kxg2 Kh6 43. Rf7 Nd7 44. b6 Rc6 45. Rxd7 Rxb6 46. c5 Rb2+ 47. Kf3 Rc2 48. c6 Rc3+ 49. Ke2 Rxh3 50. c7 Rc3 51. c8Q Rxc8 52. Nxc8 1-0

[Event "GRE-chT 40th"]
[Site "Achaia"]
[Date "2012.07.01"]
[Round "2.3"]
[White "Hristodoulou, Panagiotis"]
[Black "Papadogiannis, Sevastianos"]
[Result "0-1"]
[WhiteElo "2223"]
[BlackElo "2031"]
[PlyCount "78"]
[EventDate "2012.06.30"]
[EventType "team-swiss"]
[EventRounds "7"]
[EventCountry "GRE"]
[SourceTitle "CBM 149 Extra"]
[Source "ChessBase"]
[SourceDate "2012.08.24"]
[SourceVersion "1"]
[SourceVersionDate "2012.08.24"]
[SourceQuality "1"]
[WhiteTeam "Korydallos"]
[BlackTeam "Chania ADA"]
[WhiteTeamCountry "GRE"]
[BlackTeamCountry "GRE"]

1. e4 c5 2. Nf3 d6 3. d4 cxd4 4. Nxd4 Nf6 5. Nc3 Nc6 6. Bg5 Qb6 7. Nb3 e6 8. Bf4 Ne5 9. Be3 Qc7 10. f4 Nc6 11. g4 d5 12. e5 Nd7 13. Nb5 Qd8 14. h4 a6 15. N5d4 Be7 16. Bf2 Nxd4 17. Qxd4 f6 18. 0-0-0 fxe5 19. fxe5 0-0 20. Bg3 a5 21. Bg2 a4 22. Nd2 Bc5 23. Qd3 Qa5 24. Rhf1 a3 25. b3 b6 26. Rxf8+ Bxf8 27. Qf3 Ba6 28. Bf1 Bb4 29. Bxa6 Qxa6 30. Qe3 Bxd2+ 31. Qxd2 Nc5 32. Bf2 Ne4 33. Qd4 Qe2 34. Be1 Rc8 35. Qd3 Qxg4 36. Qa6 Rf8 37. Qxb6 Qf4+ 38. Kb1 Qxe5 39. Bb4 Qb2# 0-1

[Event "GRE-chT 39th"]
[Site "Eretria"]
[Date "2011.07.07"]
[Round "6.7"]
[White "Papadogiannis, Sevastianos"]
[Black "Kazakos, Emmanouil"]
[Result "1-0"]
[WhiteElo "1995"]
[BlackElo "2105"]
[PlyCount "149"]
[EventDate "2011.07.03"]
[EventType "team-swiss"]
[EventRounds "7"]
[EventCountry "GRE"]
[SourceTitle "CBM 143 Extra"]
[Source "ChessBase"]
[SourceDate "2011.08.29"]
[SourceVersion "1"]
[SourceVersionDate "2011.08.29"]
[SourceQuality "1"]
[WhiteTeam "Chania Chess Academy"]
[BlackTeam "Chania Kydon"]
[WhiteTeamCountry "GRE"]
[BlackTeamCountry "GRE"]

1. e4 c5 2. Nf3 e6 3. d4 cxd4 4. Nxd4 Nf6 5. Nc3 d6 6. g4 h6 7. Bg2 a6 8. Qe2 Qc7 9. h3 b5 10. Be3 b4 11. Na4 Bb7 12. 0-0-0 Nxe4 13. Bxe4 Bxe4 14. f3 Bb7 15. Nb6 Qxb6 16. Nxe6 Qa5 17. Nc5 Be7 18. Nxb7 Qc7 19. Nxd6+ Bxd6 20. Bb6+ Qe7 21. Qd2 0-0 22. Qxd6 Qg5+ 23. f4 Qb5 24. Rd5 Qe2 25. Rhd1 Re8 26. R5d2 Qc4 27. b3 Qe4 28. Qd5 Nc6 29. Qxe4 Rxe4 30. f5 Rc8 31. Kb2 Kh7 32. Bg1 Ne5 33. Rf1 Rc3 34. f6 Rxh3 35. fxg7 Kxg7 36. Bd4 Kg6 37. Bxe5 Rxe5 38. Rf4 a5 39. Rd6+ Re6 40. Rd5 Rc6 41. Rxa5 Rh2 42. Rc4 Rxc4 43. bxc4 Rg2 44. Kb3 Rxg4 45. c5 Kf5 46. c6+ Ke6 47. Rc5 Rg8 48. Kxb4 Kd6 49. a4 Kc7 50. a5 Rg1 51. Rf5 Kxc6 52. Rxf7 h5 53. Rf6+ Kb7 54. Rb6+ Kc7 55. Rh6 Rh1 56. Kc5 Kb7 57. c4 h4 58. Rb6+ Ka7 59. Kc6 h3 60. c5 h2 61. Rb2 Ka6 62. Rb8 Ka7 63. Rh8 Ra1 64. Rxh2 Rxa5 65. Rb2 Ra1 66. Kc7 Ka6 67. c6 Ka7 68. Rd2 Ra3 69. Kd8 Rh3 70. c7 Rh8+ 71. Kd7 Rh7+ 72. Kc6 Rh6+ 73. Rd6 Rh8 74. Rd8 Rh6+ 75. Kd5 1-0

[Event "World ol U16 09th"]
[Site "Burdur"]
[Date "2010.11.27"]
[Round "1"]
[White "Papadogiannis, Sevastianos"]
[Black "Georgiadis, Nico"]
[Result "0-1"]
[WhiteElo "1983"]
[BlackElo "2262"]
[PlyCount "80"]
[EventDate "2010.11.27"]
[EventType "team-swiss"]
[EventRounds "10"]
[EventCountry "TUR"]
[SourceTitle "CBM 139 Extra"]
[Source "ChessBase"]
[SourceDate "2011.01.05"]
[SourceVersion "1"]
[SourceVersionDate "2011.01.05"]
[SourceQuality "1"]
[WhiteTeam "Greece"]
[BlackTeam "Switzerland"]
[WhiteTeamCountry "GRE"]
[BlackTeamCountry "SUI"]

1. e4 c5 2. Nf3 g6 3. Nc3 Bg7 4. d4 cxd4 5. Nxd4 Nc6 6. Be3 Nf6 7. Be2 0-0 8. f4 d6 9. Nb3 Be6 10. g4 Nd7 11. h4 Bxb3 12. axb3 Nc5 13. h5 Bxc3+ 14. bxc3 Nxe4 15. hxg6 hxg6 16. Qd5 Ng3 17. Rh3 e6 18. Qg2 Qf6 19. Bd2 Nxe2 20. Qxe2 Kg7 21. 0-0-0 Rh8 22. Rdh1 Rxh3 23. Rxh3 Rh8 24. Rd3 d5 25. Kb2 Rh1 26. Qf3 Rh2 27. Be3 Ne5 28. Bd4 Nxf3 29. Rxf3 Rd2 30. Bxf6+ Kxf6 31. c4 dxc4 32. bxc4 b6 33. Kc3 Rg2 34. f5 Rxg4 35. fxg6+ Kxg6 36. Kb4 f5 37. Ra3 f4 38. Rxa7 f3 39. Ra1 e5 40. Kb5 e4 0-1

[Event "EU-Cup 26th"]
[Site "Plovdiv"]
[Date "2010.10.22"]
[Round "6.5"]
[White "Dhame, Petraq"]
[Black "Papadogiannis, Sevastianos"]
[Result "0-1"]
[WhiteElo "1988"]
[BlackElo "1962"]
[PlyCount "80"]
[EventDate "2010.10.17"]
[EventType "team-swiss"]
[EventRounds "7"]
[EventCountry "BUL"]
[SourceTitle "CBM 139"]
[Source "ChessBase"]
[SourceDate "2010.11.18"]
[SourceVersion "1"]
[SourceVersionDate "2010.11.18"]
[SourceQuality "1"]
[WhiteTeam "Butrinti"]
[BlackTeam "Chania Chess Academy"]
[WhiteTeamCountry "ALB"]
[BlackTeamCountry "GRE"]

1. e4 c5 2. Nf3 d6 3. d4 cxd4 4. Nxd4 Nf6 5. Nc3 Nc6 6. Bc4 e6 7. Be3 Be7 8. Bb3 a6 9. f3 h5 10. Qd2 Bd7 11. 0-0-0 Rc8 12. Nxc6 Bxc6 13. Bf4 e5 14. Bg5 b5 15. Bxf6 gxf6 16. Nd5 a5 17. a3 Rh7 18. Nxe7 Kxe7 19. f4 a4 20. Bd5 Bxd5 21. Qxd5 Rc5 22. Qxc5 dxc5 23. Rxd8 Kxd8 24. fxe5 fxe5 25. Rd1+ Ke7 26. Rd5 Kf6 27. Rxc5 Rg7 28. g3 Rg4 29. Rxb5 Rxe4 30. Kd2 Rd4+ 31. Kc3 Rd1 32. Rb4 Rh1 33. Rh4 Kg5 34. b4 f5 35. b5 f4 36. Kd3 Rb1 37. c4 Rb3+ 38. Kd2 Rxa3 39. c5 Rb3 40. b6 a3 0-1

[Event "Rethymno op 2nd"]
[Site "Rethymno"]
[Date "2010.07.14"]
[Round "3"]
[White "Smirnov, Artem"]
[Black "Papadogiannis, Sevastianos"]
[Result "1-0"]
[WhiteElo "2446"]
[BlackElo "1946"]
[PlyCount "119"]
[EventDate "2010.07.13"]
[EventType "swiss"]
[EventRounds "9"]
[EventCountry "GRE"]
[SourceTitle "CBM 137 Extra"]
[Source "ChessBase"]
[SourceDate "2010.09.01"]
[SourceVersion "1"]
[SourceVersionDate "2010.09.01"]
[SourceQuality "1"]

1. d4 c6 2. c4 d5 3. Nf3 Nf6 4. e3 e6 5. Bd3 Be7 6. 0-0 0-0 7. Nbd2 c5 8. dxc5 Na6 9. c6 bxc6 10. b3 Nc5 11. Bc2 a5 12. Bb2 Bb7 13. Qe2 Qb6 14. Rab1 Rad8 15. Rfd1 Nfe4 16. Nxe4 Nxe4 17. Ne5 f6 18. Bxe4 fxe5 19. Bc2 Bf6 20. e4 Rf7 21. Rf1 d4 22. Bd3 c5 23. Bc1 Bc6 24. Bd2 Be7 25. a3 Bd6 26. Rb2 Qa7 27. Ra1 Ra8 28. Qg4 Rf6 29. h4 h6 30. Qg3 Be8 31. Rab1 Rg6 32. Qh3 Rb8 33. Qf3 Be7 34. Qh3 Rf6 35. Qg3 Bd6 36. Qg4 Kh8 37. Qe2 Rf7 38. Qe1 Qe7 39. f3 a4 40. bxa4 Rxb2 41. Rxb2 Bxa4 42. Rb6 Bc7 43. Ra6 Be8 44. Qg3 Qd7 45. Ra7 Qc8 46. Ba5 Qb8 47. Rxc7 Rxc7 48. Qxe5 Rc8 49. Qxe6 Rc6 50. Qe7 Bh5 51. e5 Rc8 52. Qd7 Rf8 53. e6 Qf4 54. e7 Re8 55. Qe6 Qxh4 56. Bd8 Qf4 57. Qe4 Qe3+ 58. Qxe3 dxe3 59. a4 Bf7 60. a5 1-0

[Event "GRE-chT 37th"]
[Site "Kallithea"]
[Date "2009.07.06"]
[Round "6"]
[White "Papadogiannis, Sevastianos"]
[Black "Fakhiridou, Anna Raisa"]
[Result "1-0"]
[WhiteElo "1937"]
[BlackElo "1594"]
[PlyCount "61"]
[EventDate "2009.07.03"]
[EventType "team-tourn"]
[EventRounds "9"]
[EventCountry "GRE"]
[SourceTitle "CBM 131 Extra"]
[Source "ChessBase"]
[SourceDate "2009.09.03"]
[SourceVersion "2"]
[SourceVersionDate "2009.09.16"]
[SourceQuality "1"]

1. e4 d5 2. exd5 Qxd5 3. Nc3 Qa5 4. d4 c6 5. Bc4 Nf6 6. Nf3 Ne4 7. Ne5 Nd6 8. Bb3 e6 9. Bd2 Qc7 10. 0-0 Nd7 11. Qe2 Nf6 12. Bf4 Qd8 13. Rad1 a6 14. Rfe1 Be7 15. Na4 0-0 16. c4 Nde8 17. a3 Nc7 18. Ba2 a5 19. Bg5 h6 20. Bxf6 Bxf6 21. Nb6 Rb8 22. Bb1 Bxe5 23. dxe5 Qg5 24. Qe4 Qf5 25. Qd4 Qg5 26. Qd3 g6 27. Qd6 Na6 28. b4 Bd7 29. Nxd7 Rbd8 30. Nf6+ Kg7 31. Qxd8 1-0

[Event "GRE-ch U16"]
[Site "Kallithea"]
[Date "2009.06.28"]
[Round "5"]
[White "Hrisomalis, Theodoros"]
[Black "Papadogiannis, Sevastianos"]
[Result "1-0"]
[WhiteElo "1982"]
[BlackElo "1902"]
[PlyCount "71"]
[EventDate "2009.06.25"]
[EventType "swiss"]
[EventRounds "9"]
[EventCountry "GRE"]
[SourceTitle "EXT 2011"]
[Source "ChessBase"]
[SourceDate "2010.11.26"]
[SourceVersion "1"]
[SourceVersionDate "2010.11.26"]
[SourceQuality "1"]

1. e4 c5 2. c3 Nf6 3. e5 Nd5 4. d4 cxd4 5. Nf3 e6 6. cxd4 b6 7. Bc4 Bb7 8. 0-0 Na6 9. Bg5 Be7 10. Bxe7 Nxe7 11. Nc3 Nc7 12. Bd3 d5 13. Rc1 Qd7 14. Qe2 Rc8 15. Rc2 Ng6 16. g3 0-0 17. h4 f5 18. exf6 gxf6 19. Re1 Qg7 20. Kh2 Rce8 21. Nb5 Nxb5 22. Bxb5 Re7 23. Qd2 e5 24. h5 Nh8 25. Nh4 Qg5 26. Qe2 Rff7 27. Qf3 a6 28. Bc6 e4 29. Qf5 Kg7 30. f4 Qxf5 31. Nxf5+ Kf8 32. Bxb7 Rc7 33. Rec1 Rxc2+ 34. Rxc2 Rxb7 35. Rc8+ Kf7 36. Nd6+ 1-0

[Event "Chania-ch U18"]
[Site "Chania"]
[Date "2008.12.14"]
[Round "6"]
[White "Kalogeris, Ioannis"]
[Black "Papadogiannis, Sevastianos"]
[Result "0-1"]
[WhiteElo "1914"]
[BlackElo "1914"]
[PlyCount "106"]
[EventDate "2008.12.06"]
[EventType "swiss"]
[EventRounds "7"]
[EventCountry "GRE"]
[SourceTitle "EXT 2024"]
[Source "ChessBase"]
[SourceDate "2023.10.10"]
[SourceVersion "1"]
[SourceVersionDate "2023.10.10"]
[SourceQuality "1"]

1. e4 c5 2. Nf3 Nc6 3. d4 cxd4 4. Nxd4 Nf6 5. Nc3 d6 6. Bg5 e6 7. Qd2 a6 8. 0-0-0 h6 9. Be3 Be7 10. f3 Nxd4 11. Bxd4 b5 12. g4 e5 13. Be3 Be6 14. Kb1 Qa5 15. a3 Rb8 16. h4 b4 17. Nd5 Bxd5 18. exd5 e4 19. Be2 exf3 20. Bxf3 Nd7 21. Bd4 0-0 22. Rde1 Ne5 23. Be2 Qxd5 24. axb4 Nc6 25. c3 Nxd4 26. Qxd4 Qxd4 27. cxd4 Rxb4 28. Bxa6 Bf6 29. Rd1 Rfb8 30. Rh2 Bxd4 31. Rdd2 Bf6 32. g5 hxg5 33. hxg5 Bxg5 34. Rxd6 Bf4 35. Rdd2 Bxh2 36. Rxh2 f5 37. Kc1 R8b6 38. Bd3 Rc6+ 39. Kd1 Rd6 40. Kc2 Rc6+ 41. Kd1 Rd4 42. Ke2 Re6+ 43. Kd2 Red6 44. Rh3 Kf7 45. b4 Rxd3+ 46. Rxd3 Rxd3+ 47. Kxd3 Ke6 48. Kd4 Kd6 49. b5 g5 50. Kc4 g4 51. Kd4 f4 52. Ke4 f3 53. Ke3 Kc5 0-1

[Event "Chania-ch U18"]
[Site "Chania"]
[Date "2008.12.13"]
[Round "4"]
[White "Papadogiannis, Sevastianos"]
[Black "Georgantas, Antonios1111"]
[Result "1-0"]
[WhiteElo "1914"]
[BlackElo "1817"]
[PlyCount "79"]
[EventDate "2008.12.06"]
[EventType "swiss"]
[EventRounds "7"]
[EventCountry "GRE"]
[SourceTitle "EXT 2024"]
[Source "ChessBase"]
[SourceDate "2023.10.10"]
[SourceVersion "1"]
[SourceVersionDate "2023.10.10"]
[SourceQuality "1"]

1. e4 c5 2. Nf3 d6 3. d4 cxd4 4. Nxd4 Nf6 5. Nc3 g6 6. Be3 Bg7 7. f3 Nc6 8. Qd2 0-0 9. Bc4 Bd7 10. 0-0-0 Rc8 11. Bb3 Ne5 12. Kb1 Nc4 13. Bxc4 Rxc4 14. g4 Qa5 15. g5 Nh5 16. Nd5 Qd8 17. Ne2 e6 18. Ndc3 Rc6 19. Nb5 Rb6 20. Bxb6 Qxb6 21. Nbc3 d5 22. exd5 exd5 23. Nd4 Rc8 24. Nxd5 Qc5 25. Nb3 Qf8 26. Ne7+ Qxe7 27. Qxd7 Rc7 28. Qd2 Rc4 29. Rhe1 Qf8 30. Qd7 Rc8 31. Qxb7 h6 32. h4 Nf4 33. Re7 Re8 34. Red7 Ne2 35. Qxa7 Be5 36. Qc5 Qg7 37. gxh6 Qf6 38. Qa3 Rf8 39. h7+ Kxh7 40. Qxf8 1-0

[Event "Chania-ch U18"]
[Site "Chania"]
[Date "2008.12.07"]
[Round "2"]
[White "Papadogiannis, Sevastianos"]
[Black "Balomenakis, Haralambos"]
[Result "1-0"]
[WhiteElo "1914"]
[BlackElo "1778"]
[PlyCount "111"]
[EventDate "2008.12.06"]
[EventType "swiss"]
[EventRounds "7"]
[EventCountry "GRE"]
[SourceTitle "EXT 2024"]
[Source "ChessBase"]
[SourceDate "2023.10.10"]
[SourceVersion "1"]
[SourceVersionDate "2023.10.10"]
[SourceQuality "1"]

1. e4 c5 2. Nf3 e6 3. d4 cxd4 4. Nxd4 a6 5. Bd3 Nf6 6. 0-0 Qc7 7. Qe2 d6 8. c4 g6 9. Nc3 Bg7 10. Rd1 0-0 11. Bg5 b6 12. Rac1 Bb7 13. Nf3 Nfd7 14. Qd2 Ne5 15. Nxe5 dxe5 16. f3 Nc6 17. Na4 a5 18. c5 bxc5 19. Nxc5 Rfc8 20. Be3 Qe7 21. Na4 Nd4 22. Rxc8+ Bxc8 23. Nb6 Rb8 24. Nxc8 Rxc8 25. Qxa5 f5 26. b3 Qb7 27. Qd2 f4 28. Bxd4 exd4 29. Qxf4 e5 30. Qd2 Bf8 31. Bc4+ Kg7 32. g3 Bb4 33. Qf2 Bc5 34. Rd3 Rf8 35. Kg2 g5 36. h3 h5 37. Bd5 Qa6 38. Qd2 Kg6 39. Bc4 Qb7 40. Qa5 Qe7 41. Bd5 Bb4 42. Qb6+ Rf6 43. Qb8 Rf8 44. Qb7 Qd6 45. Bc4 Bc3 46. Rd1 Qa3 47. Qc6+ Kg7 48. Qc7+ Kg6 49. Rf1 Qxa2+ 50. Rf2 Qa5 51. Qc6+ Rf6 52. Qe8+ Kg7 53. Qe7+ Kg6 54. Bg8 Rf8 55. Qxf8 Qc7 56. Qf5+ 1-0